Statistics for NBA All Time Technical Foul Leaders

Click here to take the quiz!

General Stats

  • This quiz has been taken 38 times
  • The average score is 9 of 20

Answer Stats

# of TechsPlayer% Correct
317Rasheed Wallace
90%
163Draymond Green
87%
150Shaquille O'Neal
73%
212Dennis Rodman
70%
166Kobe Bryant
67%
332Karl Malone
60%
329Charles Barkley
57%
183Russel Westbrook
53%
146Jermaine O'Neal
50%
172Kevin Garnett
47%
178Dwight Howard
40%
250Gary Payton
37%
143Demarcus Cousins
33%
161Reggie Miller
33%
168Charles Oakley
27%
192Dirk Nowitzki
23%
156Carmelo Anthony
20%
192Anthony Mason
17%
144Antoine Walker
7%
170Kevin Willis
7%

Score Distribution

Percentile by Number Answered

Percent of People with Each Score

Your Score History

You have not taken this quiz